Гранатовый браслет: повести и рассказы; Дознание; Молох; Allez!; Тапер; Болото; Мирное житие; Штабс-капитан Рыбников; Река жизни; Гамбринус; Изумруд
| Autor Principal: | |
|---|---|
| Idioma: | ruso |
| Publicado: |
Москва, Художественная литература, 1984
|
| TOC: | Дознание; Молох; Allez!; Тапер; Болото; Мирное житие; Штабс-капитан Рыбников; Река жизни; Гамбринус; Изумруд; |
| Series: | Классики и современники. Русская классическая лит. |
| Subjects: | |
| Formato: | Libro |
| KOHA link: | https://koha.lib.tpu.ru/cgi-bin/koha/opac-detail.pl?biblionumber=71974 |
MARC
| LEADER | 00000nam0a2200000 4500 | ||
|---|---|---|---|
| 001 | 71974 | ||
| 005 | 20231101212621.0 | ||
| 035 | |a (RuTPU)RU\TPU\book\76714 | ||
| 090 | |a 71974 | ||
| 100 | |a 20041229d1984 m y0rusy50 ca | ||
| 101 | 0 | |a rus | |
| 102 | |a RU | ||
| 105 | |a a z 001ay | ||
| 200 | 1 | |a Гранатовый браслет |e повести и рассказы |f Куприн А. И. | |
| 210 | |a Москва |c Художественная литература |d 1984 | ||
| 215 | |a 335 с. |c ил. | ||
| 225 | 1 | |a Классики и современники. Русская классическая лит. | |
| 327 | 0 | |a Содерж.: Дознание. Молох. Allez! Тапер. Болото. Мирное житие. Штабс-капитан Рыбников. Река жизни. Гамбринус. Изумруд, и др. произведения | |
| 464 | |t Дознание | ||
| 464 | |t Молох | ||
| 464 | |t Allez! | ||
| 464 | |t Тапер | ||
| 464 | |t Болото | ||
| 464 | |t Мирное житие | ||
| 464 | |t Штабс-капитан Рыбников | ||
| 464 | |t Река жизни | ||
| 464 | |t Гамбринус | ||
| 464 | |t Изумруд | ||
| 600 | 1 | |a Куприн |g Александр Иванович |f 1870-1960 |c русский писатель |b А. И. |2 stltpui |3 (RuTPU)RU\TPU\pers\1015 | |
| 610 | 1 | |a русская литература | |
| 610 | 1 | |a художественная литература | |
| 610 | 1 | |a проза | |
| 610 | 1 | |a повести | |
| 610 | 1 | |a рассказы | |
| 675 | |a Р1 |v 3 | ||
| 700 | 1 | |a Куприн |b А. И. |c русский писатель |f 1870-1960 |g Александр Иванович |2 stltpush |3 (RuTPU)RU\TPU\pers\1015 |9 448 | |
| 801 | 1 | |a RU |b 63413507 |c 20041229 |g PSBO | |
| 801 | 2 | |a RU |b 63413507 |c 20150709 |g PSBO | |
| 942 | |c BK | ||